000 00375 a2200121 4500
001 ART_2174
005 20260410161723.0
008 260409a
245 1 0 _aMás allá de la integración vertical
100 1 _aJohnston, Rusell
700 1 _aLawrence, Paul R.
773 0 _tAdministración de empresas
_g- Año XIX, Nº 221/222 (ago./sep. 1988)
_wREV2036
999 _c17147
_d17147